000 01489nam a22002657a 4500
005 20120112143825.0
008 120112t xxu||||| |||| 00| 0 mar d
010 _aMAR-21875
020 _c160.00
_a9788184980622
035 _aMR-14533
037 _bDBAD/PUB
040 _aDPL
_bMR
082 _a158.1
100 _aकॅनफिल्ड,जॅक
_939079
245 _aचिकन सूप फॉर द टीनएज सोल /
_cजॅक कॅनफिल्ड,मार्क व्हिक्टर ङॅन्सन तथा किम्बर्ली किर्बर्जर ; सुप्रिया वकील द्वारा अनुवादित
246 _aChicken Soup For The Teenage Soul
_bby Jack Canfield,Mark Victor Hansen and Kimberly
260 _aपुणे
_bमेहता पब्लिशिंग हाऊस
_c2009
270 _a1941,सदाशिव पेठ,
_bपुणे
_e411030
300 _aबारा,218पृ.
_c21सेमी(अजिल्द)
700 _aङॅन्सन,मार्क व्हिक्टर
_939750
700 _aकिर्बर्जर,किम्बर्ली
_939751
700 _aसुप्रिया वकील
_939752
942 _2ddc
_cMR
_mकॅनफि
_h158.1
999 _c61234
_d61234